Central Library OPAC University of Rajshahi

Agronomy at a glance / (Record no. 74613)

MARC details
000 -LEADER
fixed length control field 01185nam a22003017a 4500
001 - CONTROL NUMBER
control field 74613
003 - CONTROL NUMBER IDENTIFIER
rucl marc code BD-RjUL
005 - DATE AND TIME OF LATEST TRANSACTION
control field 20211209082559.0
008 - FIXED-LENGTH DATA ELEMENTS--GENERAL INFORMATION
fixed length control field 181101s2017 ||||| b||| 00| 0 eng d
020 ## - INTERNATIONAL STANDARD BOOK NUMBER
International Standard Book Number 9788183214155 (Vol. 1)
International Standard Book Number 9788183214100 (Vol. 2)
035 ## - SYSTEM CONTROL NUMBER
System control number (BD-RjUL)74831
040 ## - CATALOGING SOURCE
Original cataloging agency BD-RjUL
Language of cataloging eng
Transcribing agency BD-RjUL
041 ## - LANGUAGE CODE
Language code of text/sound track or separate title eng
082 ## - DEWEY DECIMAL CLASSIFICATION NUMBER
Edition number 23
Classification number 630
Author mark and year MAA 2017
100 ## - MAIN ENTRY--PERSONAL NAME
Personal name Maliwal, P.L.
9 (RLIN) 224644
245 ## - TITLE STATEMENT
Title Agronomy at a glance /
Statement of responsibility, etc. P.L. Maliwal & S.L. Mundra.
250 ## - EDITION STATEMENT
Edition statement 4th ed.
260 ## - PUBLICATION, DISTRIBUTION, ETC. (IMPRINT)
Place of publication, distribution, etc. Udaipur, India :
Name of publisher, distributor, etc. Agrotech Publishing Academy,
Date of publication, distribution, etc. 2016-2017.
300 ## - PHYSICAL DESCRIPTION
Pagination 2 volumes ;
Size 22 cm
500 ## - GENERAL NOTE
General note The book offers a comprehensive and coherent account of entire fields of Agronomy comprising Agro-meteorology, soil management, tillage, crop management, nutrient management, water management, dryland agriculture, crop physiology, weed management and agroforestry.
504 ## - BIBLIOGRAPHY, ETC. NOTE
Bibliography, etc Includes bibliographical references.
505 0# - FORMATTED CONTENTS NOTE
Formatted contents note Vol.01. Basic and applied fundamentals -- Vol.02. Objective fundamentals.
650 ## - SUBJECT ADDED ENTRY--TOPICAL TERM
Topical term or geographic name as entry element Agronomy.
9 (RLIN) 224645
Topical term or geographic name as entry element Nutrient management.
9 (RLIN) 224646
700 ## - ADDED ENTRY--PERSONAL NAME
Personal name Mundra, S.L.
942 ## - ADDED ENTRY ELEMENTS (KOHA)
Source of classification or shelving scheme Dewey Decimal Classification
Koha item type Books
Holdings
Lost status Source of classification or shelving scheme Damaged status Not for loan Collection code Permanent Location Current Location Shelving location Date acquired Source of acquisition Cost, normal purchase price Total Checkouts Full call number Date last seen Copy number Koha item type
  Dewey Decimal Classification   Not For Loan Non-fiction Central Library, University of Rajshahi Central Library, University of Rajshahi Reading Room 23/09/2018 Orbital International, Dhaka 85.00   630 MAA V-1 2017 01/11/2018 C-1 Books
  Dewey Decimal Classification     Non-fiction Central Library, University of Rajshahi Central Library, University of Rajshahi   23/09/2018 Orbital International, Dhaka 85.00   630 MAA V-1 2017 01/11/2018 C-2 Books
  Dewey Decimal Classification   Not For Loan Non-fiction Central Library, University of Rajshahi Central Library, University of Rajshahi Reading Room 23/09/2018 Orbital International, Dhaka 85.00   630 MAA V-2 2017 01/11/2018 C-1 Books
  Dewey Decimal Classification     Non-fiction Central Library, University of Rajshahi Central Library, University of Rajshahi   23/09/2018 Orbital International, Dhaka 85.00   630 MAA V-2 2017 01/11/2018 C-2 Books